[Event "AUTO-OPEN-4173"]
[Site "http://www.queenalice.com/game.php?id=1611940"]
[Date "2020.5.12"]
[Round "1"]
[White "DougChess1"]
[Black "ZTEchess"]
[Result "1-0"]
[WhiteElo "1521"]
[BlackElo "1461"]

1. d4 d5 2. Nc3 Nf6 3. Bf4 Bf5 4. Qd2 e6 5. O-O-O Bb4 6. a3 Ne4 7. Qe3 Nxc3 8.
Rd3 Bxd3 9. exd3 Be7 10. bxc3 Bxa3+ 11. Kd2 Nd7 12. Nf3 c5 13. Ne5 O-O 14. Nxd7
Qxd7 15. Qg3 cxd4 16. cxd4 Rac8 17. Bh6 1-0

[Event "AUTO-OPEN-4173"]
[Site "http://www.queenalice.com/game.php?id=1611942"]
[Date "2020.5.12"]
[Round "1"]
[White "CCapivara"]
[Black "ZTEchess"]
[Result "0-1"]
[WhiteElo "2099"]
[BlackElo "1500"]

1. e4 d5 2. Nf3 dxe4 3. Ng5 Nf6 4. Nc3 Bg4 5. Be2 Bf5 6. Bc4 e6 7. Qe2 Qd4 8.
Nb5 Qb6 9. O-O h6 10. Nh3 Bxh3 11. gxh3 a6 12. Nc3 Qd4 13. Re1 Bc5 14. Bb3 Nc6
15. a3 Ne5 16. Ba2 Nf3+ 17. Kg2 Nxe1+ 18. Qxe1 O-O 19. b4 Bb6 20. Bb2 Rad8 21.
Qe3 Qe5 22. Qe2 Qg5+ 23. Kh1 Rxd2 0-1

[Event "AUTO-OPEN-4173"]
[Site "http://www.queenalice.com/game.php?id=1611943"]
[Date "2020.5.12"]
[Round "1"]
[White "ZTEchess"]
[Black "jupar"]
[Result "0-1"]
[WhiteElo "1507"]
[BlackElo "2104"]

1. e4 e5 2. Nf3 Nc6 3. Bc4 Nf6 4. d4 d6 5. dxe5 Nxe5 6. Nxe5 dxe5 7. Bxf7+ Ke7
8. Qxd8+ Kxd8 9. Bg5 Ke7 10. Bb3 Be6 11. Nd2 b5 12. O-O-O Kf7 13. Bxf6 gxf6 14.
Bxe6+ Kxe6 0-1

[Event "AUTO-OPEN-4173"]
[Site "http://www.queenalice.com/game.php?id=1611944"]
[Date "2020.5.12"]
[Round "1"]
[White "jupar"]
[Black "ZTEchess"]
[Result "1-0"]
[WhiteElo "2103"]
[BlackElo "1507"]

1. e4 d5 2. exd5 Nf6 3. Nf3 Qxd5 4. Nc3 Qa5 5. d4 Bg4 6. Be2 c6 7. O-O e6 8. Bd2
Qc7 9. h3 Bh5 10. Ne5 Bxe2 11. Qxe2 Nbd7 12. Bf4 Bd6 13. Nxd7 Qxd7 14. Be5 Bxe5
15. dxe5 1-0

[Event "Challenge"]
[Site "http://www.queenalice.com/game.php?id=1612542"]
[Date "2020.5.16"]
[Round "-"]
[White "josebaron"]
[Black "ZTEchess"]
[Result "1-0"]
[WhiteElo "2368"]
[BlackElo "1500"]

1. e4 e5 2. Bc4 Nf6 3. Nc3 Bc5 4. Nf3 Nc6 5. O-O d6 6. d3 Bg4 7. h3 Bh5 8. Nd5
Nxd5 9. Bxd5 Rb8 10. c3 Ne7 11. Bb3 O-O 12. g4 Bg6 13. Nh4 Kh8 14. Nxg6+ fxg6
15. Kg2 g5 16. Bxg5 h6 17. Bh4 g5 18. Bg3 Ng6 19. Be6 Nf4+ 20. Bxf4 1-0

[Event "AUTO-OPEN-4175"]
[Site "http://www.queenalice.com/game.php?id=1612647"]
[Date "2020.5.17"]
[Round "1"]
[White "betofortaleza"]
[Black "ZTEchess"]
[Result "1-0"]
[WhiteElo "1827"]
[BlackElo "1462"]

1. e4 d5 2. e5 c5 3. d4 cxd4 4. Qxd4 Nc6 5. Qf4 g6 6. Bb5 Bg7 7. Bxc6+ bxc6 8.
Nc3 Bf5 9. Nf3 Bxc2 10. O-O e6 11. Nd4 Bd3 12. Re1 Qc7 13. Na4 c5 14. Nb3 Bc2
15. Bd2 Bxb3 16. axb3 Bh6 17. Qh4 Bxd2 18. Re2 Bh6 19. f4 Bg7 20. Rc1 1-0

[Event "AUTO-OPEN-4175"]
[Site "http://www.queenalice.com/game.php?id=1612648"]
[Date "2020.5.17"]
[Round "1"]
[White "ZTEchess"]
[Black "betofortaleza"]
[Result "0-1"]
[WhiteElo "1465"]
[BlackElo "1825"]

1. e4 e5 2. Nf3 Nc6 3. Bc4 h6 4. d4 exd4 5. O-O Bc5 6. c3 Nf6 7. cxd4 Bb6 8. e5
Ng4 9. h3 Ngxe5 10. dxe5 O-O 11. Nc3 Qe7 12. Nd5 Qc5 13. Bb3 Ne7 14. Be3 Qb5 15.
Nxe7+ Kh8 16. Bxb6 Qxb6 17. Nxc8 Raxc8 18. Qxd7 Rcd8 19. Qf5 g6 20. Qf6+ Qxf6
21. exf6 Kg8 0-1

[Event "AUTO-OPEN-4175"]
[Site "http://www.queenalice.com/game.php?id=1612672"]
[Date "2020.5.17"]
[Round "1"]
[White "ZTEchess"]
[Black "sphagnis"]
[Result "0-1"]
[WhiteElo "1431"]
[BlackElo "1589"]

1. e4 e5 2. Nf3 Nc6 3. Bc4 Qf6 4. c3 Bc5 5. O-O d6 6. b4 Bb6 7. d3 h6 8. Be3
Nge7 9. a4 a6 10. Bxb6 cxb6 11. Qe2 O-O 12. h3 Bd7 0-1

[Event "AUTO-OPEN-4175"]
[Site "http://www.queenalice.com/game.php?id=1612685"]
[Date "2020.5.17"]
[Round "1"]
[White "avieytoa"]
[Black "ZTEchess"]
[Result "1-0"]
[WhiteElo "1834"]
[BlackElo "1565"]

1. e4 d5 2. d4 dxe4 3. Nc3 Nf6 4. Bg5 e6 5. a3 Nbd7 6. Nxe4 Be7 7. Bb5 Nxe4 8.
Bxe7 Qxe7 9. Qg4 f5 10. Qe2 c6 11. Bc4 Ndf6 12. f3 Nd6 13. Bb3 O-O 14. O-O-O b5
15. Nh3 Bd7 16. Kb1 1-0

[Event "AUTO-OPEN-4175"]
[Site "http://www.queenalice.com/game.php?id=1612686"]
[Date "2020.5.17"]
[Round "1"]
[White "ZTEchess"]
[Black "avieytoa"]
[Result "0-1"]
[WhiteElo "1600"]
[BlackElo "1827"]

1. e4 e5 2. Nf3 Nc6 3. d4 Nf6 4. dxe5 Nxe4 5. Bc4 Bc5 6. Qd5 Bxf2+ 7. Ke2 Nxe5
8. Qxe4 Qf6 9. Qxe5+ Qxe5+ 10. Nxe5 Bd4 11. Nxf7 Rf8 12. Rf1 h6 13. Kd3 Bc5 14.
Nc3 d6 0-1

[Event "AUTO-OPEN-4176"]
[Site "http://www.queenalice.com/game.php?id=1613039"]
[Date "2020.5.20"]
[Round "1"]
[White "ZTEchess"]
[Black "Sirius"]
[Result "0-1"]
[WhiteElo "1523"]
[BlackElo "1746"]

1. e4 e5 2. Nf3 d6 3. d4 Nf6 4. Bc4 Nxe4 5. dxe5 h6 6. Qd5 Be6 7. Qxb7 Bxc4 8.
Qxa8 d5 9. Nbd2 Nxd2 10. Bxd2 Bc5 11. Qb7 O-O 0-1

[Event "AUTO-OPEN-4176"]
[Site "http://www.queenalice.com/game.php?id=1613040"]
[Date "2020.5.20"]
[Round "1"]
[White "Sirius"]
[Black "ZTEchess"]
[Result "1-0"]
[WhiteElo "1738"]
[BlackElo "1543"]

1. e4 d5 2. exd5 Nf6 3. c4 c6 4. Qa4 Bd7 5. dxc6 Nxc6 6. c5 e5 7. b4 Nd4 8. Qd1
Bf5 9. Na3 a5 10. Bb5+ Nxb5 11. Nxb5 axb4 12. Qf3 1-0